Banking law and practice in India (Record no. 396198)

MARC details
000 -LEADER
fixed length control field 00545 a2200205 4500
005 - DATE & TIME
control field 20260220122827.0
008 - FIXED-LENGTH DATA ELEMENTS--GENERAL INFORMATION
fixed length control field 260220b |||||||| |||| 00| 0 eng d
020 ## - ISBN
International Standard Book Number 8176110981
Price Rs. 350.00
040 ## - CATALOGING SOURCE
Original cataloging agency VIVEKANANDA LIBRARY
082 ## - DDC NUMBER
Classification number 346.082
Book Number T739B
100 ## - MAIN ENTRY--PERSONAL NAME
Personal name Trivedi, I R
245 ## - TITLE STATEMENT
Title Banking law and practice in India
260 ## - PUBLICATION, DISTRIBUTION, ETC. (IMPRINT)
Name of publisher, distributor, etc RBSA Publishers
Date of publication, distribution, etc 2001
Place of publication, distribution, etc Jaipur
300 ## - PHYSICAL DESCRIPTION
Pages 172
650 ## - Subject
Subject Banking Regulation Act
650 ## - Subject
Subject Banker- Customer Relationship
650 ## - Subject
Subject RBI Guidelines
700 ## - Added Entry Personal Name
Added Entry Personal Name Srivastava, Sheela
942 ## - ADDED ENTRY ELEMENTS (KOHA)
Koha item type Books
Holdings
Withdrawn status Lost status Source of classification or shelving scheme Damaged status Not for loan Location (home branch) Sublocation or collection (holding branch) Shelving location Date acquired Koha issues (times borrowed) Koha full call number Accession No. Koha date last seen Koha item type
    Dewey Decimal Classification     VIVEKANANDA LIBRARY VIVEKANANDA LIBRARY Law Library 02/02/2026   346.082 T739B 377856 02/02/2026 Books
    Dewey Decimal Classification     VIVEKANANDA LIBRARY VIVEKANANDA LIBRARY Law Library 02/02/2026   346.082 T739B 377855 02/02/2026 Books
    Dewey Decimal Classification     VIVEKANANDA LIBRARY VIVEKANANDA LIBRARY Law Library 02/02/2026   346.082 T739B 377858 02/02/2026 Books
    Dewey Decimal Classification     VIVEKANANDA LIBRARY VIVEKANANDA LIBRARY Law Library 02/02/2026   346.082 T739B 377854 02/02/2026 Books
    Dewey Decimal Classification     VIVEKANANDA LIBRARY VIVEKANANDA LIBRARY Law Library 02/02/2026   346.082 T739B 377857 02/02/2026 Books
© Designed and Maintained by Vivekananda Library, MDU Rohtak